[Event "SVM_Regionalliga_2023-24"]
[Site "?"]
[Date "2024.03.24"]
[Round "9.4"]
[Board "3"]
[White "Henrotte,Nils"]
[Black "Wambach,Patrick"]
[WhiteTeam "Eschweiler SC 1"]
[BlackTeam "SG Siebengebirge 1"]
[WhiteElo "1978"]
[BlackElo "1962"]
[WhiteDWZ "1961"]
[BlackDWZ "1961"]
[Result "1/2-1/2"]
[PlyCount "113"]
[EventDate "2024.03.24"]
[SourceDate "2024.03.24"]
 
1. e3 Nf6 2. d3 g6 3. b3 Bg7 4. Bb2 O-O 5. g4 d6 6. g5 Ne8 7. Nc3 c6 8. h4 Qa5
9. Qd2 Nc7 10. O-O-O b5 11. h5 b4 12. Nb1 Bxb2+ 13. Kxb2 Qxg5 14. Qxb4 Nba6 15.
Qh4 Qxh4 16. Rxh4 Nc5 17. f4 Nd5 18. Re1 Nf6 19. hxg6 hxg6 20. Bg2 Bd7 21. Nf3
Kg7 22. Ng5 Rh8 23. Reh1 Rxh4 24. Rxh4 d5 25. Nd2 Re8 26. Ndf3 Nh5 27. d4 Ne6
28. Nxe6+ Bxe6 29. Ne5 Rc8 30. c4 Ng3 31. Bh3 Nf5 {(=)} 32. Bxf5 Bxf5 33. c5 f6
34. Nf3 Rh8 35. Rxh8 Kxh8 36. b4 Bd3 37. a4 Be2 38. Ng1 Bf1 39. Nf3 a6 40. Kc3
Kg7 41. Nd2 Bh3 42. Nb1 g5 43. fxg5 fxg5 44. Kd2 Kf6 45. Ke2 Bd7 46. Nc3 e5 47.
b5 axb5 48. axb5 cxb5 49. Nxd5+ Kf5 50. c6 Be6 51. Nb4 exd4 52. exd4 Bc8 53.
Kf3 g4+ 54. Ke3 Ke6 55. Ke4 Kd6 56. Kf4 Be6 57. Ke4 1/2-1/2

[Event "SVM_Regionalliga_2023-24"]
[Site "?"]
[Date "2024.03.24"]
[Round "9.4"]
[Board "4"]
[White "Schild,Willi"]
[Black "Kaluza,Josef"]
[WhiteTeam "SG Siebengebirge 1"]
[BlackTeam "Eschweiler SC 1"]
[WhiteElo "2088"]
[BlackElo "2030"]
[WhiteDWZ "1857"]
[BlackDWZ "2032"]
[Result "1/2-1/2"]
[PlyCount "20"]
[EventDate "2024.03.24"]
[SourceDate "2024.03.24"]
 
1. d4 Nf6 2. Nf3 e6 3. e3 a6 4. Bd3 d5 5. Nbd2 c5 6. c3 Nc6 7. O-O Qc7 8. e4
Be7 9. dxc5 Bxc5 10. Qe2 dxe4 {(=)} 1/2-1/2

[Event "SVM_Regionalliga_2023-24"]
[Site "?"]
[Date "2024.03.24"]
[Round "9.4"]
[Board "6"]
[White "Borriss,Claudia"]
[Black "Singh,Marcel"]
[WhiteTeam "SG Siebengebirge 1"]
[BlackTeam "Eschweiler SC 1"]
[WhiteElo "2117"]
[BlackElo "1852"]
[WhiteDWZ "1950"]
[BlackDWZ "1829"]
[Result "1-0"]
[PlyCount "81"]
[EventDate "2024.03.24"]
[SourceDate "2024.03.24"]
 
1. d4 d6 2. g3 e5 3. dxe5 dxe5 4. Qxd8+ Kxd8 5. Bg2 c6 6. Nf3 f6 7. h3 Bc5 8.
c3 Be6 9. b4 Bb6 10. a4 a6 11. Na3 Ne7 12. Bb2 Kc7 13. a5 Ba7 14. c4 Nd7 15.
O-O Rad8 16. e3 g5 17. Rfd1 g4 18. hxg4 Bxg4 19. e4 h5 20. Rd2 Nf8 21. Rxd8
Kxd8 22. c5 Nfg6 23. Nc4 Bb8 24. Nh2 Be6 25. Rd1+ Ke8 26. Bf1 h4 27. Be2 hxg3
28. fxg3 f5 29. Nd6+ Bxd6 30. Rxd6 Kf7 31. Nf3 Bc8 32. Bc4+ Ke8 33. Ng5 Rf8 34.
Nh7 Rh8 35. Nf6+ Kf8 36. Nd7+ Ke8 37. Nxe5 Nxe5 38. Bxe5 Rh5 39. Rf6 Rg5 40.
Bf4 Rg6 41. Bf7+ 1-0

[Event "SVM_Regionalliga_2023-24"]
[Site "?"]
[Date "2024.03.24"]
[Round "9.4"]
[Board "8"]
[White "Delekat,Julian"]
[Black "Huppertz,Andrea"]
[WhiteTeam "SG Siebengebirge 1"]
[BlackTeam "Eschweiler SC 1"]
[WhiteElo "1773"]
[BlackElo "1813"]
[WhiteDWZ "1630"]
[BlackDWZ "1728"]
[Result "1/2-1/2"]
[PlyCount "99"]
[EventDate "2024.03.24"]
[SourceDate "2024.03.24"]
 
1. d4 d5 2. c4 c6 3. Nf3 Bf5 4. Nc3 e6 5. cxd5 exd5 6. Bg5 Be7 7. Bxe7 Qxe7 8.
e3 Nf6 9. Bd3 Bxd3 10. Qxd3 Nbd7 11. O-O Ne4 12. Nd2 f5 13. f3 Nxd2 14. Qxd2
O-O 15. b4 Nb6 16. Rfe1 Qxb4 17. Rab1 Qd6 18. Qc1 Rf6 19. Ne2 Raf8 20. Qc5 R8f7
21. Qxd6 Rxd6 22. Nf4 Nc4 23. Kf2 Re7 24. Re2 b6 25. h4 g6 26. Rbe1 Kf7 27. Nd3
h6 28. f4 Kf6 29. Kf3 g5 30. hxg5+ hxg5 31. Rh1 g4+ 32. Kf2 Kg6 33. Ne5+ Nxe5
34. fxe5 Rdd7 35. Rc2 Rc7 36. Rh8 c5 37. Rd8 Red7 38. Rxd7 Rxd7 39. dxc5 Rc7
40. c6 Kf7 41. Kg3 Ke6 42. Kf4 b5 43. a3 a5 44. g3 b4 45. axb4 axb4 46. Rh2
Rxc6 47. Rh6+ Kd7 48. Rh7+ Ke6 49. Rh6+ Kd7 50. Rh7+ {(=)} 1/2-1/2

[Event "SVM_Regionalliga_2023-24"]
[Site "?"]
[Date "2024.03.24"]
[Round "9.5"]
[Board "1"]
[White "Gulbas,Cemil"]
[Black "Klemenz,Luca"]
[WhiteTeam "DJK Aufwärts Aachen 1"]
[BlackTeam "Klub Kölner SF 3"]
[WhiteElo "2364"]
[BlackElo "1922"]
[WhiteDWZ "2368"]
[BlackDWZ "2041"]
[Result "1/2-1/2"]
[PlyCount "8"]
[EventDate "2024.03.24"]
[SourceDate "2024.03.24"]
 
1. e4 e5 2. Nf3 Nc6 3. Bc4 Bc5 4. c3 Nf6 5. d3 d6 6. Nbd2 a5 7. Nf1 Be6 8. Ng3
d5 9. exd5 Bxd5 10. Bg5 Bxc4 11. dxc4 Qxd1+ 12. Rxd1 Nd7 13. Nf5 Rg8 14. O-O f6
15. Be3 Bxe3 16. Nxe3 O-O-O 17. Nd5 b6 18. h4 Kb7 19. Rfe1 Rge8 20. h5 Ne7 21.
Nxe7 Rxe7 22. Nh4 Re6 23. Re2 Kc8 24. Red2 Ree8 25. h6 g6 26. Kf1 e4 27. f4 f5
28. g4 fxg4 29. Ng2 Nf6 30. Rxd8+ Rxd8 31. Rxd8+ Kxd8 32. Ne3 Ke7 33. Kf2 Nh5
34. Nxg4 Nxf4 35. Ke3 Nd3 36. b3 a4 37. Kxe4 axb3 38. axb3 Nc5+ 39. Ke5 Nd7+
40. Kf4 Ke6 41. b4 Nf6 42. Ne3 Kd6 43. Nf1 Ke6 44. Ne3 Kd6 {(=)} 1/2-1/2

[Event "SVM_Regionalliga_2023-24"]
[Site "?"]
[Date "2024.03.24"]
[Round "9.5"]
[Board "2"]
[White "Meyer,Emil"]
[Black "Alienkin,Aleksander"]
[WhiteTeam "Klub Kölner SF 3"]
[BlackTeam "DJK Aufwärts Aachen 1"]
[WhiteElo "1928"]
[BlackElo "2334"]
[WhiteDWZ "2013"]
[BlackDWZ "2288"]
[Result "0-1"]
[PlyCount "102"]
[EventDate "2024.03.24"]
[SourceDate "2024.03.24"]
 
1. e4 e6 2. d4 d5 3. Nd2 c5 4. Ngf3 a6 5. dxc5 Bxc5 6. Bd3 Nc6 7. O-O Nf6 8.
Qe2 Qc7 9. h3 e5 10. exd5 Nxd5 11. Nc4 f6 12. Bxh7 Rxh7 13. Qe4 g5 14. Ncxe5
fxe5 15. Nxg5 Rg7 16. Qxd5 Ne7 17. Qf3 Qc6 18. Qxc6+ Nxc6 19. h4 Bf5 20. c3
O-O-O 21. Re1 Rd3 22. b4 Be7 23. a4 Rxc3 24. b5 Nd4 25. Rxe5 Bf6 26. Bb2 Bxe5
27. Bxc3 Ne2+ 28. Kh1 Bxc3 29. Ra2 Bd3 30. bxa6 bxa6 31. g3 Bf6 32. Ne6 Re7 33.
Nc5 Bc4 34. Rc2 Bd5+ 35. Kh2 Nd4 36. Rc1 Rc7 37. h5 Be7 38. Nd3 Rxc1 39. Nxc1
Bc4 40. f4 Ba3 41. h6 Bxc1 42. h7 Nf3+ 43. Kg2 Bb2 44. Kxf3 Bd3 45. g4 Bxh7 46.
f5 Kd7 47. Ke4 Bc1 48. Ke5 Bg5 49. f6 Bg6 50. a5 Bh4 51. Kf4 Bxf6 0-1

[Event "SVM_Regionalliga_2023-24"]
[Site "?"]
[Date "2024.03.24"]
[Round "9.5"]
[Board "3"]
[White "Cnossen,Wiebe"]
[Black "Terwagne,Bertrand"]
[WhiteTeam "DJK Aufwärts Aachen 1"]
[BlackTeam "Klub Kölner SF 3"]
[WhiteElo "2178"]
[BlackElo "1858"]
[WhiteDWZ "2134"]
[BlackDWZ "1903"]
[Result "1/2-1/2"]
[PlyCount "64"]
[EventDate "2024.03.24"]
[SourceDate "2024.03.24"]
 
1. c4 c6 2. g3 g6 3. Bg2 Bg7 4. Nc3 Nf6 5. e4 d6 6. d4 O-O 7. Nge2 Nbd7 8. O-O
c5 9. d5 Qa5 10. Qc2 a6 11. a4 Rb8 12. b3 b5 13. cxb5 axb5 14. Bb2 bxa4 15.
bxa4 Ba6 16. Rfb1 Rb4 17. Nb5 Bxb5 18. axb5 Qxb5 19. Nc3 Qb7 20. e5 Nxe5 21.
Na2 Rb6 22. Bxe5 dxe5 23. d6 Rxb1+ 24. Rxb1 Qd7 25. dxe7 Qxe7 26. Rb7 Qd6 27.
Nc3 Bh6 28. Na4 Qd2 29. Qxd2 Bxd2 30. Nxc5 Bc3 31. Nd7 Nxd7 32. Rxd7 Kg7 {(=)}
1/2-1/2

[Event "SVM_Regionalliga_2023-24"]
[Site "?"]
[Date "2024.03.24"]
[Round "9.5"]
[Board "4"]
[White "Pragua,Christoph"]
[Black "Höfken,Tom"]
[WhiteTeam "Klub Kölner SF 3"]
[BlackTeam "DJK Aufwärts Aachen 1"]
[WhiteElo "2066"]
[BlackElo "1927"]
[WhiteDWZ "1989"]
[BlackDWZ "2024"]
[Result "0-1"]
[PlyCount "90"]
[EventDate "2024.03.24"]
[SourceDate "2024.03.24"]
 
1. d4 Nf6 2. Nf3 g6 3. g3 Bg7 4. Bg2 O-O 5. O-O d5 6. c4 c6 7. Qc2 Bf5 8. Qb3
Qb6 9. Qxb6 axb6 10. b3 Bxb1 11. Rxb1 Rxa2 12. Bb2 e6 13. Nd2 Rd8 14. Rfd1 Na6
15. Bc3 Nc7 16. Ra1 Rda8 17. Bf3 g5 18. h3 Bf8 19. Kf1 Rxa1 20. Rxa1 Rxa1+ 21.
Bxa1 Bb4 22. Nb1 b5 23. c5 Ne4 24. g4 f5 25. Bb2 Kf7 26. Bc1 Kf6 27. e3 Na6 28.
Bxe4 dxe4 29. f3 exf3 30. Kf2 e5 31. Kxf3 exd4 32. exd4 f4 33. h4 h6 34. hxg5+
hxg5 35. Bd2 Ke7 36. Ke4 Ke6 37. Bxb4 Nxb4 38. Nd2 Nd5 39. Nf3 Nf6+ 40. Kd3
Nxg4 41. Nxg5+ Kf5 42. Nf3 Nf2+ 43. Ke2 Nh3 44. Kd3 Ng5 45. Ne5 f3 0-1

[Event "SVM_Regionalliga_2023-24"]
[Site "?"]
[Date "2024.03.24"]
[Round "9.5"]
[Board "5"]
[White "Dönitz,Christian"]
[Black "Richter,Götz"]
[WhiteTeam "DJK Aufwärts Aachen 1"]
[BlackTeam "Klub Kölner SF 3"]
[WhiteElo "1903"]
[BlackElo "1973"]
[WhiteDWZ "1925"]
[BlackDWZ "1896"]
[Result "1-0"]
[PlyCount "63"]
[EventDate "2024.03.24"]
[SourceDate "2024.03.24"]
 
1. e4 c5 2. Nc3 Nc6 3. Bb5 d6 4. Bxc6+ bxc6 5. d3 e5 6. f4 Rb8 7. fxe5 dxe5 8.
Nf3 Bd6 9. O-O f6 10. Nh4 Be6 11. Nf5 Qc7 12. b3 Bf8 13. Ba3 g6 14. Ne3 Be7 15.
Na4 Rb5 16. Qd2 Nh6 17. Rf3 Nf7 18. Raf1 O-O 19. h4 Nd8 20. g4 Bf7 21. h5 Ne6
22. hxg6 hxg6 23. Rh3 Ng5 24. Rh1 Be6 25. Qh2 Kf7 26. Qh6 Ke8 27. Qxg6+ Bf7 28.
Qh6 Rg8 29. Rxf6 Bxf6 30. Qxf6 Ne6 31. Rh7 Rf8 32. Qxe6+ 1-0

[Event "SVM_Regionalliga_2023-24"]
[Site "?"]
[Date "2024.03.24"]
[Round "9.6"]
[Board "1"]
[White "Riemland,Arnold"]
[Black "Bosbach,Stefan"]
[WhiteTeam "SG Kalker/Deutzer 1"]
[BlackTeam "Bergische SF 1"]
[WhiteElo "2112"]
[BlackElo "2100"]
[WhiteDWZ "2130"]
[BlackDWZ "2010"]
[Result "1-0"]
[PlyCount "75"]
[EventDate "2024.03.24"]
[SourceDate "2024.03.24"]
 
1. d4 Nf6 2. Nf3 g6 3. Bf4 d6 4. Nc3 c6 5. e4 Qa5 6. Qd2 Nbd7 7. Bd3 Nh5 8. Bh6
Ng7 9. h3 a6 10. O-O b5 11. e5 dxe5 12. dxe5 Nc5 13. Nd4 Bd7 14. a4 b4 15. Ne4
Nxd3 16. cxd3 c5 17. Nb3 Qc7 18. Nbxc5 a5 19. Rfe1 Be6 20. Rac1 Qb6 21. g4 Rd8
22. d4 Bc8 23. d5 Ne6 24. Nxe6 fxe6 25. Rc6 Bxh6 26. Qxh6 Qd4 27. Qg7 Rf8 28.
d6 Rf7 29. Qg8+ Rf8 30. Qxh7 Rf7 31. Qg8+ Rf8 32. Qxg6+ Rf7 33. Rc7 Bd7 34.
dxe7 Kxe7 35. Qg5+ Kf8 36. Qxd8+ Kg7 37. Qg5+ Kf8 38. Nf6 1-0

[Event "SVM_Regionalliga_2023-24"]
[Site "?"]
[Date "2024.03.24"]
[Round "9.6"]
[Board "2"]
[White "Gelsok,Philipp"]
[Black "Lunnebach,Oliver"]
[WhiteTeam "Bergische SF 1"]
[BlackTeam "SG Kalker/Deutzer 1"]
[WhiteElo "1918"]
[BlackElo "2158"]
[WhiteDWZ "2051"]
[BlackDWZ "2149"]
[Result "1-0"]
[PlyCount "87"]
[EventDate "2024.03.24"]
[SourceDate "2024.03.24"]
 
1. e4 c5 2. Nf3 Nc6 3. d4 cxd4 4. Nxd4 e5 5. Nb5 a6 6. Nd6+ Bxd6 7. Qxd6 Qf6 8.
Qd1 Qg6 9. Nc3 Nge7 10. Be3 d6 11. Qd2 Be6 12. O-O-O Rd8 13. Nd5 Bxd5 14. exd5
Nb8 15. h4 h5 16. Rh3 Qe4 17. Bg5 f6 18. Be3 Qa4 19. Kb1 Kf7 20. f4 Nd7 21. b3
Qa3 22. fxe5 Nxe5 23. Bd4 N7g6 24. Rg3 Rhe8 25. Be2 Ng4 26. Bxg4 hxg4 27. Rxg4
Rh8 28. Rh1 b5 29. Qd3 Nf8 30. Qg3 Rh7 31. Re1 Qa5 32. Qe3 Rd7 33. Bb6 Qa3 34.
Qe8+ Kg8 35. Re7 Rxe7 36. Qxe7 g6 37. Qe8 Kg7 38. Qe7+ Kg8 39. Qe8 Kg7 40. Bd4
Qa5 41. Bxf6+ Kxf6 42. Qxf8+ Ke5 43. Qe8+ Kxd5 44. Qe4+ 1-0

[Event "SVM_Regionalliga_2023-24"]
[Site "?"]
[Date "2024.03.24"]
[Round "9.6"]
[Board "3"]
[White "Gerdau,Andreas"]
[Black "Harringer,Manfred"]
[WhiteTeam "SG Kalker/Deutzer 1"]
[BlackTeam "Bergische SF 1"]
[WhiteElo "1930"]
[BlackElo "1992"]
[WhiteDWZ "1896"]
[BlackDWZ "1978"]
[Result "0-1"]
[PlyCount "82"]
[EventDate "2024.03.24"]
[SourceDate "2024.03.24"]
 
1. e4 e5 2. Nf3 Nc6 3. Bb5 a6 4. Ba4 Nf6 5. O-O b5 6. Bb3 Bc5 7. d3 d6 8. c3
O-O 9. Nbd2 Be6 10. Qe2 Bb6 11. a4 Re8 12. Bc2 d5 13. Nb3 dxe4 14. dxe4 Bc4 15.
Qe1 Bxf1 16. Qxf1 Ng4 17. Bg5 Qd6 18. Bh4 Rab8 19. axb5 axb5 20. Rd1 Qe6 21.
Nc1 Na5 22. Nd3 f6 23. Nb4 c6 24. h3 Nh6 25. Ne1 Nf7 26. Qe2 Red8 27. Ned3 Nd6
28. Rf1 Rbc8 29. Kh1 g5 30. Bg3 Kg7 31. f4 exf4 32. Bxf4 Qxe4 33. Qg4 Qf5 34.
Qe2 Qe4 35. Qg4 h5 36. Qd1 Nf5 37. Re1 Qxf4 38. Nxf4 Rxd1 39. Ne6+ Kf7 40. Bxd1
Ng3+ 41. Kh2 Bf2 0-1

[Event "SVM_Regionalliga_2023-24"]
[Site "?"]
[Date "2024.03.24"]
[Round "9.6"]
[Board "4"]
[White "Weiser,Hans-Josef"]
[Black "Schwark,Mario"]
[WhiteTeam "Bergische SF 1"]
[BlackTeam "SG Kalker/Deutzer 1"]
[WhiteElo "2014"]
[BlackElo "1900"]
[WhiteDWZ "1976"]
[BlackDWZ "1858"]
[Result "1/2-1/2"]
[PlyCount "36"]
[EventDate "2024.03.24"]
[SourceDate "2024.03.24"]
 
1. d4 Nf6 2. Nf3 g6 3. c4 Bg7 4. Nc3 d6 5. Bg5 h6 6. Bh4 g5 7. Bg3 Nh5 8. e3
Nd7 9. Qc2 c5 10. Rd1 Qa5 11. Be2 Nxg3 12. hxg3 cxd4 13. Nxd4 Ne5 14. Qa4+ Qxa4
15. Nxa4 Bd7 16. Nc3 a6 17. Nd5 Rc8 18. Nb6 Rc7 1/2-1/2

[Event "SVM_Regionalliga_2023-24"]
[Site "?"]
[Date "2024.03.24"]
[Round "9.6"]
[Board "5"]
[White "Arlt,Klaus"]
[Black "Heckötter,Christian"]
[WhiteTeam "SG Kalker/Deutzer 1"]
[BlackTeam "Bergische SF 1"]
[WhiteElo "2004"]
[BlackElo "2019"]
[WhiteDWZ "1934"]
[BlackDWZ "1948"]
[Result "0-1"]
[PlyCount "78"]
[EventDate "2024.03.24"]
[SourceDate "2024.03.24"]
 
1. c4 f5 2. Nf3 Nf6 3. Nc3 e6 4. a3 d5 5. e3 c6 6. b4 Bd6 7. Rb1 Qe7 8. Be2 O-O
9. O-O Nbd7 10. d3 dxc4 11. dxc4 a5 12. Qb3 axb4 13. axb4 Ne5 14. c5 Nxf3+ 15.
Bxf3 Bc7 16. Ne2 Kh8 17. Nc3 e5 18. Be2 e4 19. g3 Be6 20. Bc4 Bxc4 21. Qxc4 Ng4
22. Ne2 Ne5 23. Qb3 Nf3+ 24. Kg2 Qg5 25. h3 Qh5 26. Nf4 Bxf4 27. exf4 Rf6 28.
Rh1 Rh6 29. Qd1 Qe8 30. Be3 Rd8 31. Qf1 Re6 32. b5 Nd2 33. Bxd2 Rxd2 34. Qc4 e3
35. Rhf1 Re4 36. Qb3 Rxf2+ 37. Rxf2 exf2 38. Kxf2 Re2+ 39. Kg1 Qe4 0-1

[Event "SVM_Regionalliga_2023-24"]
[Site "?"]
[Date "2024.03.24"]
[Round "9.6"]
[Board "8"]
[White "Eilers,Jochen"]
[Black "Bill,Oliver"]
[WhiteTeam "Bergische SF 1"]
[BlackTeam "SG Kalker/Deutzer 1"]
[WhiteElo "1927"]
[BlackElo "1668"]
[WhiteDWZ "1899"]
[BlackDWZ "1662"]
[Result "1/2-1/2"]
[PlyCount "81"]
[EventDate "2024.03.24"]
[SourceDate "2024.03.24"]
 
1. c4 e5 2. g3 Nf6 3. Bg2 g6 4. Nc3 c6 5. e4 Bg7 6. d3 O-O 7. Nge2 d6 8. O-O
Be6 9. h3 d5 10. d4 Nxe4 11. Nxe4 dxe4 12. d5 cxd5 13. cxd5 Qxd5 14. Qxd5 Bxd5
15. Nc3 Bc4 16. Rd1 f5 17. b3 Bd3 18. Ba3 Rd8 19. Nxe4 Nc6 20. Nc5 e4 21. Rac1
Bh6 22. Nxb7 Bxc1 23. Nxd8 Bxa3 24. Nxc6 Rc8 25. Ne5 Rc2 26. Nxd3 exd3 27. Rxd3
Bc5 28. Bd5+ Kg7 29. Rf3 Rxa2 30. g4 fxg4 31. hxg4 g5 32. Kg2 Rd2 33. Rf7+ Kg6
34. Rf5 Bxf2 35. Be4 Be3+ 36. Kf3 Bd4 37. Rd5+ Kf6 38. Bxh7 Rf2+ 39. Ke4 Rf4+
40. Kd3 Bb6 41. Rf5+ 1/2-1/2